Spolupráca realitných kancelárií a online inzertných portálov v rámci trhu s rezidenčnými nehnuteľnosťami v SR bakalárska práca

Na minha lista:
Detalhes bibliográficos
Autor principal: Masaryková, Eva
Autor Corporativo: Obchodná fakulta EU. Katedra služieb a cestovného ruchu - zrušené
Outros Autores: Olexová, Romana, 1987-
Formato: Livro
Idioma:eslovaco
Publicado em: Bratislava 2014
Tags: Adicionar Tag
Sem tags, seja o primeiro a adicionar uma tag!

MARC

LEADER 00000nbm a2200000 4500
001 0188193
005 20170201100418.6
041 0 |a slo 
044 |a SK 
245 1 0 |a Spolupráca realitných kancelárií a online inzertných portálov v rámci trhu s rezidenčnými nehnuteľnosťami v SR  |b bakalárska práca  |c Eva Masaryková ; školiteľ: Romana Olexová 
264 1 |a Bratislava  |c 2014 
300 |a 60 s. 
100 1 |a Masaryková, Eva 
700 1 |a Olexová, Romana, 1987- 
710 2 |a Obchodná fakulta EU. Katedra služieb a cestovného ruchu - zrušené